Normal view MARC view
  • Datta Chandrani Sanyal

Entry Personal Name

Number of records used in: 2

001 - CONTROL NUMBER

  • control field: 5633

003 - CONTROL NUMBER IDENTIFIER

  • control field: OSt

005 - DATE AND TIME OF LATEST TRANSACTION

  • control field: 20200520144713.0

008 - FIXED-LENGTH DATA ELEMENTS

  • fixed length control field: 200520|| aca||aabn | a|a d

040 ## - CATALOGING SOURCE

  • Original cataloging agency: OSt
  • Transcribing agency: OSt

100 ## - HEADING--PERSONAL NAME

  • Personal name: Datta Chandrani Sanyal

670 ## - SOURCE DATA FOUND

  • Source citation: Work cat.: (OSt): Datta Chandrani Sanyal, Essentials of Human Physilogy , 209